Selknam : Mensajes desde el fin del mundo.

Guardado en:
Formato: Deslizar
Materias:
Etiquetas: Agregar Etiqueta
Sin Etiquetas, Sea el primero en etiquetar este registro!
LEADER 00803ngm a22002175g 4500
001 CEM.cems022828
008 130507b2007##################0###0#####d
005 20241122135603.0
245 0 0 |a Selknam :  |b Mensajes desde el fin del mundo. 
300 |a 27'. 
500 |a En soporte VHS, consultar en ventanilla. 
538 |a Soporte: VHS - Norma: Pal N - Color: Si - Grabación DRD 2007 - Hitachi=2230 
505 0 |a La extinción de los pueblos Selknam. La matanza de los indígenas: José Menéndez. Desaparición de la cultura indígena. Descendientes. 
082 9 8 |/ IND 
653 |a INDIGENAS 
653 |a PUEBLOS ORIGINARIOS 
653 |a ONAS 
653 |a SELKNAM 
653 |a NIVEL PRIMARIO 
653 |a NIVEL SECUNDARIO 
859 |a CEMS  |b BIB. CEMS - Depto. Recursos Didacticos  |h 982  |i IND  |k DRD  |p 1471.12  |t Ej.1